| 000 -LEADER |
| fixed length control field |
nam a22 7a 4500 |
| 005 - DATE AND TIME OF LATEST TRANSACTION |
| control field |
20190607010226.0 |
| 008 - FIXED-LENGTH DATA ELEMENTS--GENERAL INFORMATION |
| fixed length control field |
190607b xxu||||| |||| 00| 0 eng d |
| 020 ## - IDENTIFIER FOR THE MANIFESTATION |
| Identifier for the Manifestation |
9789712717932 |
| Binding |
paperback |
| 040 ## - CATALOGING SOURCE |
| Language of Cataloging |
eng |
| Transcribing Agency |
APEC Schools Library |
| Description Conventions |
rda |
| 082 ## - DEWEY DECIMAL CLASSIFICATION NUMBER |
| Classification number |
F 899.210 |
| Author's Number |
D159k 2008 |
| 100 ## - CREATOR |
| Preferred Name of the Person |
Dalisay, Jose Y., Jr. |
| 245 ## - TITLE AND STATEMENT OF RESPONSIBILITY |
| Preferred Title Proper |
Killing time in a warm place / |
| Statement of Responsibility/Parallel Statement of Responsibility |
Jose Y. Dalisay, Jr. |
| 264 ## - PUBLICATION STATEMENT |
| Place of publication, distribution, etc |
Pasig City : |
| Publisher's Name/Parallel Publisher's Name |
Anvil Publishing, |
| Copyright |
©2008. |
| 300 ## - PHYSICAL DESCRIPTION |
| Extent |
193 pages ; |
| 336 ## - RDA CONTENT |
| Source |
rdacontent |
| Content Type |
text |
| 337 ## - RDA MEDIA |
| Source |
rdamedia |
| Media Type |
unmediated |
| 338 ## - RDA CARRIER |
| Source |
rdacarrier |
| Carrier Type |
volume |
| 650 ## - ADDED SUBJECT ACCESS POINT - TOPICAL TERM |
| Topical Term |
Short stories. |
| 651 ## - ADDED SUBJECT ACCESS POINT - GEOGRAPHIC NAME |
| Topical Term |
Philippines. |
| 942 ## - ADDED ENTRY ELEMENTS (KOHA) |
| Source of Classification |
|
| Koha Item Type |
Non Fiction |